| 000 | 00651nam a2200229 i 4500 | ||
|---|---|---|---|
| 001 | bg | ||
| 100 | 1 | _aRYNIO, Robert | |
| 245 | 1 | 0 |
_aWprowadzenie do metody reprezentacji indukowanych / _cRobert Rynio. |
| 260 |
_aToruń : _bWydawnictwo Uniwersytetu Mikołaja Kopernika, _c2005. |
||
| 300 |
_a414 s. : _b2 rys. ; _c24 cm. |
||
| 504 | _aBibliogr. | ||
| 650 | 9 | _aTeoria grup | |
| 650 | 9 | _aAnaliza funkcjonalna | |
| 650 | 9 |
_aMechanika kwantowa _xzagadnienia |
|
| 020 | _a8323118825 | ||
| 040 | _cBPK | ||
| 041 | 0 | _apol | |
| 080 | _a512.54:517.98:530.145 | ||
| 920 | _a83-231-1882-5 | ||
| 942 | _cKS | ||
| 008 | s pl f |000 0 pol | ||
| 999 |
_c51208 _d51208 |
||
| 856 |
_uhttp://koha.tu.koszalin.pl/cgi-bin/koha/opac-detail.pl?biblionumber=51208 _yKatalog online BPK |
||